000 00391nam a22001697a 4500
005 20160527114259.0
008 160527b xxu||||| |||| 00| 0 eng d
020 _a81-7473-020-6
041 _aeng
082 _b5478
100 _aCannon, Tom
_91371
245 _aBasic Marketing
260 _aNew Delhi
_bAcademic Faundation
300 _a443
650 _aManagement
_9241
942 _cBK
999 _c1947
_d1946